000 01534nam0a22002771 4500
001 rc\4643064
005 20250612140933.0
021 _aRU
_b[66-35995]
035 _a(NLR Aleph) 008686581
090 _a9212238
_c9212238
100 _a20130416d1966 |||y0rusy50 ca
101 0 _arus
102 _aRU
105 _aa z |||||
200 1 _aБыли Великой войны
210 _a[Москва
_cСов. Россия
_d1966]
215 _a233 с., 8 л. ил.
_d21
327 1 _aСодерж.: Первый таран; Госпиталь в Еремеевке; Подземная крепость; Последний бой смертников; Катюша; Путь на Родину; Брестский вокзал; Рассказ о настоящем человеке; Загадка далекой могилы
464 0 _12001#$aПервый таран$aГоспиталь в Еремеевке$aПодземная крепость$aПоследний бой смертников$aКатюша$aПуть на Родину$aБрестский вокзал$aРассказ о настоящем человеке$aЗагадка далекой могилы
_tЗагадка далекой могилы
606 _aГерои Великой Отечественной войны 1941-1945 гг. (х. л.)
_2psbo
700 1 _aСмирнов
_bС.С.
_f1915-1976
_gСергей Сергеевич
801 0 _aRU
_bNLR
_gpsbo
801 1 _aRU
_bELAR
_2rusmarc
852 _aNLR
_j66-3/2846
942 _cBOOK
980 _aNB